Sheʼelot u-teshuvot Neʼot Yaʻaḳov : (Record no. 32911)

MARC details
000 -LEADER
fixed length control field 00745cam a22002411a 4500
001 - CONTROL NUMBER
control field he 68000411
003 - CONTROL NUMBER IDENTIFIER
control field DLC
005 - DATE AND TIME OF LATEST TRANSACTION
control field 20260227111453.0
008 - FIXED-LENGTH DATA ELEMENTS--GENERAL INFORMATION
fixed length control field 841212s1912 li 000 0 hebr
010 ## - LIBRARY OF CONGRESS CONTROL NUMBER
LC control number he 68000411
035 ## - SYSTEM CONTROL NUMBER
System control number (OCoLC)19199687
040 ## - CATALOGING SOURCE
Original cataloging agency DLC
Transcribing agency MH
Modifying agency AzU
-- DLC
042 ## - AUTHENTICATION CODE
Authentication code premarc
050 00 - LIBRARY OF CONGRESS CALL NUMBER
Classification number BM504.2
Item number .S46 1912
100 1# - MAIN ENTRY--PERSONAL NAME
Personal name Shapiro, Jacob Kahana.
245 10 - TITLE STATEMENT
Title Sheʼelot u-teshuvot Neʼot Yaʻaḳov :
Remainder of title ḥidushe halakhot u-veʼure sugyot / [me-et] Yaʻaḳov Kahana Shapira.
260 ## - PUBLICATION, DISTRIBUTION, ETC.
Place of publication, distribution, etc. Vilna :
Name of publisher, distributor, etc. Ba-defus shel D. Tsiyonszohn,
Date of publication, distribution, etc. 672 [1912]
300 ## - PHYSICAL DESCRIPTION
Extent 170 p. ;
Dimensions 34 cm.
630 00 - SUBJECT ADDED ENTRY--UNIFORM TITLE
Uniform title Talmud
Form subdivision Commentaries.
650 #0 - SUBJECT ADDED ENTRY--TOPICAL TERM
Topical term or geographic name entry element Responsa
Chronological subdivision 1800-1948.
740 0# - ADDED ENTRY--UNCONTROLLED RELATED/ANALYTICAL TITLE
Uncontrolled related/analytical title Neʼot Yaʻaḳov.
752 ## - ADDED ENTRY--HIERARCHICAL PLACE NAME
Country or larger entity Lithuania
City Vilna

No items available.

Powered by Koha